A lot of Marvel Characters - Statistics

General Stats
  • This quiz has been taken 5 times
  • The average score is 6 of 221
Answer Stats
Character % Correct
Thor Odinson
60%
Tony Stark
60%
Bruce Banner
40%
Steve Rogers
40%
Ava Starr
20%
Ben Grimm
20%
Clint Barton
20%
Drax
20%
Gamora
20%
Groot
20%
Happy Hogan
20%
James Rhodes
20%
Jarvis
20%
Johnny Storm
20%
Nebula
20%
Nick Fury
20%
Obadiah Stane
20%
Pepper Potts
20%
Peter Quill
20%
Phil Coulson
20%
Reed Richards
20%
Rocket Raccoon
20%
Susan Storm
20%
Thanos
20%
A bomb
0%
Abomination
0%
Adrian Toomes
0%
Agatha Harkness
0%
Ajak
0%
Aldrich Killian
0%
Alexander Pierce
0%
Alexei Shostakov
0%
Alligator Loki
0%
America Chavez
0%
Antonia Dreykov
0%
Apocalypse
0%
Arnim Zola
0%
Attuma
0%
Aunt May
0%
Azazel
0%
Banshee
0%
Batroc
0%
Beast
0%
Ben Reilly
0%
Beta Ray Bill
0%
Betty Brant
0%
Billy Maximoff
0%
Black Bolt
0%
Black Cat
0%
Blob
0%
Boastful Loki
0%
Bucky Barnes
0%
Cable
0%
Captain Marvel
0%
Cassandra Lang
0%
Cassandra Nova
0%
Celestials
0%
Colossus
0%
Corvus Glaive
0%
Cosmo the Dog
0%
Cull Obsidian
0%
Cyclops
0%
Darren Cross
0%
Darwin
0%
Domino
0%
Doombot
0%
Dormammu
0%
Druig
0%
Ebony Maw
0%
Eddie Brock
0%
Ego the Living Planet
0%
Electro
0%
Elektra
0%
Emma Frost
0%
Eternity
0%
Flash Thompson
0%
Flint Marko
0%
Franklin Richards
0%
Galactus
0%
Gambit
0%
Gargantos
0%
Ghost Rider
0%
Gorr the God Butcher
0%
Gwen Stacy
0%
Hank Pym
0%
Harry Osborn
0%
Havok
0%
Hela Odinsdottir
0%
Helmut Zemo
0%
H.E.R.B.I.E
0%
Hercules
0%
Hobie Brown
0%
Hope Van Dyne
0%
Howard the Duck
0%
Hulkling
0%
Iceman
0%
Ikaris
0%
Iron Fist
0%
Isaiah Bradley
0%
James 'Logan' Howlett
0%
Jane Foster
0%
Janet Van Dyne
0%
Jean Grey
0%
Jessica Jones
0%
J. Jonah Jameson
0%
Joaquin Torres
0%
John Walker
0%
Juggernaut
0%
Justin Hammer
0%
Kamala Khan
0%
Kang The Conqueror
0%
Karen
0%
Karli Morgenthau
0%
Kate Bishop
0%
Kevin Bacon
0%
Khonshu
0%
Killmonger
0%
Kingpin
0%
Knull
0%
Korg
0%
Kraglin
0%
Kraven the Hunter
0%
Lemar Hoskins
0%
Lizard
0%
Loki Laufeyson
0%
Luke Cage
0%
Magneto
0%
Malekith
0%
Mandarin
0%
Mantis
0%
Maria Hill
0%
Matt Murdock
0%
M'Baku
0%
Mephisto
0%
Miek
0%
Miguel Ohara
0%
Miles Morales
0%
Miss Minutes
0%
MJ (Kirsten Dunst)
0%
MJ (Zendaya)
0%
Mobius
0%
Mobius M. Mobius
0%
MODOK
0%
Monica Rambeau
0%
Moon Knight
0%
Mr Knight
0%
Mr Negative
0%
Mysterio
0%
Nakia
0%
Natasha Romanoff
0%
Ned Leeds
0%
Negasonic Teenage Warhead
0%
Nightcrawler
0%
Norman Osborn
0%
Odin
0%
Okoye
0%
Otto Octavius
0%
Paradox
0%
Peggy Carter
0%
Peter Parker (Andrew Garfield)
0%
Peter Parker (Tobey Maguire)
0%
Peter Parker (Tom Holland)
0%
Pietro Maximoff
0%
Professor X
0%
Prowler
0%
Proxima Midnight
0%
Psylocke
0%
Punisher
0%
Pyro
0%
Ragnarok
0%
Ralph Bohner
0%
Red Skull
0%
Riri WIlliams
0%
Robert Reynolds
0%
Rogue
0%
Ronan the Accuser
0%
Sabretooth
0%
Sam Wilson
0%
Scorpion
0%
Scott Lang
0%
Sersi
0%
Shalla ball
0%
Shang Chi
0%
Sharon Carter
0%
She Hulk
0%
Shuri
0%
Silver Surfer
0%
Skaar
0%
Skrull
0%
Spider Gwen
0%
Spider Woman
0%
Stan Lee
0%
Stephen Strange
0%
Storm
0%
Superior Spiderman
0%
Surtur
0%
Sylvie
0%
T'Challa
0%
Thaddeus 'Thunderbolt' Ross
0%
The Leader
0%
The Living Tribunal
0%
Thena
0%
Throg
0%
Titania
0%
Trevor Slattery
0%
Ultron
0%
Ulysses Klaue
0%
Uncle Ben
0%
Valkyrie
0%
Vanisher
0%
Victor Von Doom
0%
Wade Wilson
0%
Wanda Maximoff
0%
Wenwu
0%
Wonderman
0%
Wong
0%
X23
0%
Yelena Belova
0%
Yondu
0%
Yukio
0%
Zeus
0%
No matching quizzes found
Score Distribution
Percent of People with Each Score
Percentile by Number Answered
Your Score History
You have not taken this quiz